000 00810nam a2200265Ia 4500
003 OSt
005 20220928101547.0
006 a|||||r|||| 00| 0
007 ta
008 220927b |||||||| |||| 00| 0 eng d
020 _c250
024 _a107762
037 _b530, 08/03/2010, Eastern Book Linkers
_cTextual
040 _aSDCL
_cSDCL
_beng
041 _2eng
_aeng
082 _aO15,1B2:g, P6
100 _aBhaduri NrisinghPrasad
_9391586
245 0 _aKrishnadwaipaayan vyaas.
260 _aNew Delhi
_bRemadhav Publications
_c2006
300 _a151
_ccm.
650 _asanskrit
_9391587
700 _a Goswami Amar Tr.
_9391588
942 _hO15,1B2:g, P6
_cTEXL
_2CC
999 _c707485
_d707485